| 000 | 00620cam a2200217 a 4500 | ||
|---|---|---|---|
| 001 | 1006663 | ||
| 005 | 20180208075641.0 | ||
| 008 | 871117s1988 nyu b 001 0 eng | ||
| 010 | _a 87032785 | ||
| 020 | _a0824077938 (alk. paper) | ||
| 040 |
_aDLC _cDLC _dDLC |
||
| 041 | _aeng | ||
| 080 | _a330 RON | ||
| 082 | 0 | 0 |
_a330 RON _219 |
| 100 | _a50 | ||
| 101 | _aECO | ||
| 245 | 0 | 0 |
_aModern economic classics--evaluations through time / _c[edited by] Bernard S. Katz and Ronald E. Robbins. |
| 504 | _aIncludes bibliographies and index. | ||
| 906 |
_a7 _bcbc _corignew _d1 _eocip _f19 _gy-gencatlg |
||
| 942 |
_2ddc _cBK |
||
| 999 |
_c42153 _d42153 |
||